000 00439nam a2200169 4500
001 21590
005 20230410103843.0
008 060907n2001 dr spa
020 _a89782008100910
035 _9funglode21749
041 _aES
050 1 4 _a409 DS 917 I31 2001
245 0 _aImágenes de Corea
260 _a[República de Corea] :
_bMinisterio de Cultura y Turismo,
_c2001
300 _a151 p.
942 _2lcc
_cbk
999 _c27127
_d27127